[Event "Polska"]
[Site "?"]
[Date "1992.??.??"]
[Round "?"]
[White "Rotshtein, A."]
[Black "Serper, G."]
[Result "0-1"]
[WhiteElo "2515"]
[BlackElo "2575"]
[PlyCount "116"]
[EventDate "1992.??.??"]
[Source "ChessBase"]
[SourceDate "1992.10.01"]

1. c4 e6 2. Nf3 d5 3. g3 Nf6 4. Bg2 d4 5. O-O c5 6. e3 Nc6 7. exd4 cxd4 8. Re1 Bd6 9. d3 h6 10. Na3 O-O 11. Nc2 Re8 12. Rb1 e5 13. b4 a6 14. a4 Bf5 15. c5 Nd5 16. Nfxd4 Nxd4 17. Bxd5 Bxc5 18. Nxd4 Bxd4 19. Qf3 Re7 20. Bxb7 Bxd3 21. Bxa8 Bxb1 22. Bxh6 e4 23. Qg4 Bd3 24. Rc1 Re6 25. Bb7 Qe7 26. Rc8+ Kh7 27. Qf5+ Rg6 28. Bd5 Qxb4 29. Rc1 Qb2 30. Bxf7 Qxf2+ 31. Qxf2 Bxf2+ 32. Kxf2 Rxh6 33. Ke3 Rxh2 34. Bd5 Re2+ 35. Kd4 Kg6 36. Rc6+ Kg5 37. Re6 Re1 38. Re7 g6 39. Rg7 Bc2 40. Re7 Rd1+ 41. Kc5 Bxa4 42. Rxe4 Bc2 43. Re3 a5 44. Rc3 Rd2 45. Bc6 Kg4 46. Ra3 a4 47. Ra2 Rh2 48. Be8 Rh5+ 49. Kd4 Bb3 50. Ra1 Rd5+ 51. Ke4 Ra5 52. Rc1 a3 53. Bd7+ Kxg3 54. Rc3+ Kh4 55. Rxb3 a2 56. Rh3+ Kg5 57. Rg3+ Kf6 58. Rf3+ Ke7 0-1

[Event "Moscow RUS"]
[Site "?"]
[Date "1992.??.??"]
[Round "2"]
[White "Makarichev Sergey Y"]
[Black "Smagin Sergey B"]
[Result "1-0"]
[WhiteElo "2530"]
[BlackElo "2550"]
[PlyCount "62"]
[EventDate "1992.??.??"]
[Source "www.chesslib.no"]
[SourceDate "2004.05.04"]

1. c4 e6 2. Nf3 d5 3. e3 Nf6 4. b3 Nbd7 5. Bb2 Bd6 6. Nc3 O-O 7. Qc2 a6 8. d4 b6 9. Bd3 Bb7 10. O-O c5 11. cxd5 exd5 12. dxc5 bxc5 13. e4 d4 14. Nb1 Ng4 15. Nbd2 f5 16. b4 cxb4 17. Bxd4 Nde5 18. h3 Nxd3 19. Qxd3 fxe4 20. Nxe4 Nh6 21. Rad1 Be7 22. Qb1 Qe8 23. Neg5 Nf5 24. Rfe1 Qg6 25. Re6 Bf6 26. Bxf6 gxf6 27. Qxb4 Qg7 28. Rb6 Bxf3 29. Nxf3 Kh8 30. Rb7 Qg6 31. Rdd7 Rg8 1-0

[Event "Novgorod Open"]
[Site "Novgorod RUS"]
[Date "1995.??.??"]
[Round "2"]
[White "Levin, Felix"]
[Black "Novikov, Igor A"]
[Result "1/2-1/2"]
[WhiteElo "2490"]
[BlackElo "2590"]
[PlyCount "33"]
[EventDate "1995.05.??"]
[Source "www.chesslib.no"]
[SourceDate "2004.05.04"]

1. c4 e6 2. Nf3 d5 3. g3 dxc4 4. Qa4+ Nd7 5. Qxc4 a6 6. Bg2 b5 7. Qc2 Bb7 8. O-O Ngf6 9. d3 c5 10. a4 Be7 11. Nc3 Qb6 12. axb5 axb5 13. Rxa8+ Bxa8 14. Qb3 Nd5 15. Bg5 Bxg5 16. Nxg5 Nxc3 17. Qxc3 1/2-1/2

[Event "ECC"]
[Site "Rethymnon"]
[Date "2003.10.02"]
[Round "5"]
[White "Ftacnik, Lubomir"]
[Black "Knaak, Rainer"]
[Result "1/2-1/2"]
[WhiteElo "2598"]
[BlackElo "2480"]
[PlyCount "85"]
[EventDate "2003.09.28"]
[Source "Roberto Alvarez"]
[SourceDate "2003.10.06"]

1. c4 e6 2. Nf3 d5 3. g3 c6 4. b3 a5 5. Bb2 a4 6. Na3 Nf6 7. Bg2 Bd6 8. O-O Qe7 9. Qc1 O-O 10. d3 Nbd7 11. Nd4 axb3 12. axb3 Nc5 13. f4 Bd7 14. Nac2 h5 15. Ne3 Rxa1 16. Qxa1 Na6 17. Nf3 Ra8 18. Ne5 Be8 19. Qc1 Qd8 20. d4 Qb6 21. Qc3 Nc5 22. Nd3 Nce4 23. Qc2 Ba3 24. c5 Qb5 25. Bxe4 Bxb2 26. Qxb2 Nxe4 27. b4 Qa6 28. Nf2 Nf6 29. Rb1 Qa2 30. Nc2 Kf8 31. Nd3 Qxb2 32. Rxb2 Ne4 33. Kf1 f6 34. Ke1 Nc3 35. Kd2 Nb5 36. e3 Bg6 37. Rb1 Na3 38. Ra1 Nc4+ 39. Ke2 Ra6 40. Rxa6 bxa6 41. Na1 a5 42. bxa5 Nxa5 43. Nc2 1/2-1/2

[Event "Linares NL"]
[Site "Linares ESP"]
[Date "1994.??.??"]
[Round "7"]
[White "Sunye Neto, Jaime"]
[Black "Sagalchik, Gennadij"]
[Result "0-1"]
[WhiteElo "2530"]
[BlackElo "2545"]
[PlyCount "100"]
[EventDate "1994.09.??"]
[Source "www.chesslib.no"]
[SourceDate "2004.05.04"]

1. c4 e6 2. Nf3 d5 3. g3 g6 4. Bg2 Bg7 5. O-O Ne7 6. d4 O-O 7. Qc2 Nbc6 8. Rd1 a5 9. Na3 Nb4 10. Qb3 b6 11. Bf4 c5 12. e4 dxc4 13. Nxc4 a4 14. Qc3 Nbc6 15. Nce5 cxd4 16. Nxd4 Nxd4 17. Rxd4 Qe8 18. Qc7 Ra5 19. Rad1 Rc5 20. Qxb6 Rb5 21. Qc7 Rb7 22. Qd6 f6 23. Nd3 e5 24. Nc5 exd4 25. Nxb7 Bxb7 26. Qe6+ Qf7 27. Qxf7+ Kxf7 28. Rxd4 Bc6 29. Rd6 Rb8 30. Rxc6 Nxc6 31. Bxb8 Nxb8 32. Bf1 Nd7 33. Bb5 Nc5 34. f3 f5 35. exf5 gxf5 36. b3 a3 37. b4 Ne6 38. Bd3 Nd4 39. Kf2 Ke6 40. g4 fxg4 41. fxg4 h6 42. h4 Bf6 43. Kg3 Kd5 44. g5 hxg5 45. h5 Nc6 46. b5 Nb4 47. Bg6 Kc5 48. Bf7 Kxb5 49. Kg4 Kc5 50. Kf5 Bh8 0-1

[Event "RUS-Cup8"]
[Site "Smolensk"]
[Date "1997.??.??"]
[Round "9"]
[White "Ibragimov, Ildar"]
[Black "Kharitonov, Andrei Y"]
[Result "1/2-1/2"]
[WhiteElo "2555"]
[BlackElo "2520"]
[PlyCount "27"]
[EventDate "1997.06.13"]
[Source "ChessBase"]
[SourceDate "1997.07.29"]

1. c4 e6 2. Nf3 d5 3. e3 Nf6 4. Nc3 Be7 5. b3 O-O 6. Bb2 b6 7. d4 Bb7 8. Bd3 c5 9. O-O cxd4 10. Nxd4 dxc4 11. Bxc4 Nbd7 12. Rc1 Ne5 13. Be2 Rc8 14. f4 1/2-1/2

[Event "Moscow (ol)"]
[Site "?"]
[Date "1994.??.??"]
[Round "?"]
[White "Alterman, B."]
[Black "Matlak, M."]
[Result "1-0"]
[WhiteElo "2585"]
[BlackElo "2490"]
[PlyCount "69"]
[EventDate "1994.??.??"]
[Source "ChessBase"]
[SourceDate "1994.10.01"]

1. c4 e6 2. Nf3 d5 3. e3 Nf6 4. Nc3 Be7 5. b3 O-O 6. Bb2 b6 7. cxd5 exd5 8. Be2 Bb7 9. O-O Nbd7 10. Rc1 a6 11. Rc2 Re8 12. Qc1 Rc8 13. d4 Ne4 14. Nxe4 dxe4 15. Ne5 Nxe5 16. dxe5 c5 17. Bg4 Rc7 18. Rd2 Qb8 19. Bd7 Rd8 20. e6 f6 21. Qd1 Bc6 22. Qg4 Bxd7 23. exd7 Qb7 24. Rfd1 Qc6 25. h4 Kf8 26. Rd5 h6 27. h5 Kf7 28. Qg6+ Kf8 29. Qf5 Kg8 30. g4 Rb7 31. g5 fxg5 32. Rd6 Bxd6 33. Qe6+ Kf8 34. Rxd6 Qc7 35. Bxg7+ 1-0

[Event "Belfort"]
[Site "?"]
[Date "2005.07.26"]
[Round "8.1"]
[White "Tomashevsky Evgeny"]
[Black "Vitiugov Nikita"]
[Result "1-0"]
[WhiteElo "2555"]
[BlackElo "2519"]
[PlyCount "63"]
[EventDate "2005.??.??"]
[Source "www.chesslib.no"]
[SourceDate "2004.05.04"]

1. c4 e6 2. Nf3 d5 3. b3 Nf6 4. g3 c5 5. Bg2 Nc6 6. e3 d4 7. exd4 cxd4 8. O-O Bd6 9. d3 O-O 10. Na3 e5 11. Nc2 a5 12. a3 h6 13. Bb2 Re8 14. Re1 Bf5 15. Rb1 Nd7 16. Ba1 Nc5 17. Bf1 Na6 18. Nd2 Bh7 19. Qf3 f5 20. Nxd4 Nxd4 21. Bxd4 e4 22. dxe4 Bxa3 23. Bc3 Bb4 24. exf5 Bxc3 25. Qxc3 Bxf5 26. Ra1 Nb4 27. c5 Rxe1 28. Rxe1 Nc6 29. Nc4 Qd4 30. Qxd4 Nxd4 31. Bg2 Nxb3 32. Bd5+ 1-0

[Event "Krasnodar"]
[Site "?"]
[Date "1998.??.??"]
[Round "1"]
[White "Poluljahov Aleksandr"]
[Black "Tregubov Pavel V"]
[Result "1/2-1/2"]
[WhiteElo "2505"]
[BlackElo "2560"]
[PlyCount "57"]
[EventDate "1998.??.??"]
[Source "www.chesslib.no"]
[SourceDate "2004.05.04"]

1. c4 e6 2. Nf3 d5 3. g3 c6 4. Qc2 dxc4 5. Qxc4 b5 6. Qc2 Bb7 7. Bg2 Nd7 8. O-O Ngf6 9. a4 a6 10. d3 Rc8 11. Nc3 Be7 12. e4 O-O 13. Rd1 Qb6 14. h3 c5 15. Be3 Bc6 16. Nd2 Qb7 17. Nb3 Qb8 18. axb5 axb5 19. Na5 Ba8 20. Qb3 b4 21. Nb1 Ne5 22. Nd2 Rfd8 23. Ndc4 Nxc4 24. Nxc4 Nd7 25. Ra5 Bc6 26. Rda1 Bb5 27. f4 e5 28. Rf1 h6 29. Rd1 1/2-1/2

[Event "RUS-Cup"]
[Site "?"]
[Date "1998.??.??"]
[Round "5"]
[White "Poluljahov Aleksandr"]
[Black "Tregubov Pavel V"]
[Result "1/2-1/2"]
[WhiteElo "2505"]
[BlackElo "2560"]
[PlyCount "117"]
[EventDate "1998.??.??"]
[Source "www.chesslib.no"]
[SourceDate "2004.05.04"]

1. c4 e6 2. Nf3 d5 3. g3 c6 4. b3 a5 5. Ba3 Bxa3 6. Nxa3 Nf6 7. Bg2 O-O 8. Qc1 Qe7 9. Qb2 Re8 10. d4 Qb4+ 11. Nd2 Nbd7 12. Nc2 Qe7 13. O-O e5 14. cxd5 Nxd5 15. Nc4 e4 16. Qa3 b5 17. Qxe7 Rxe7 18. Nd6 N7f6 19. Nxc8 Rxc8 20. Rfc1 Nc3 21. Kf1 Nfd5 22. a3 f5 23. Ne3 Nxe3+ 24. fxe3 b4 25. axb4 axb4 26. Ra5 c5 27. Ke1 g6 28. dxc5 Re5 29. Rca1 Rexc5 30. Ra7 R5c7 31. R7a5 Rc5 32. g4 fxg4 33. Rxc5 Rxc5 34. Ra8+ Kg7 35. Rb8 Rd5 36. Rxb4 Rd1+ 37. Kf2 Rd2 38. Bf1 Rb2 39. Rb7+ Kh6 40. Kg3 Kg5 41. Rxh7 Nxe2+ 42. Bxe2 Rxe2 43. Re7 Rxe3+ 44. Kg2 Kf5 45. Rf7+ Ke6 46. Rf4 g5 47. Rxg4 Kf5 48. Rg3 Re2+ 49. Kg1 Kf4 50. Rc3 Rb2 51. Rh3 g4 52. Rh8 Rxb3 53. Rf8+ Ke3 54. Kg2 Kd2 55. Rf2+ Kd3 56. Kg3 e3 57. Ra2 Rb4 58. Ra3+ Kd2 59. Ra2+ 1/2-1/2

[Event "ECC"]
[Site "Rethymnon"]
[Date "2003.10.04"]
[Round "7"]
[White "Heissler, Jakob"]
[Black "Landa, Konstantin"]
[Result "1/2-1/2"]
[WhiteElo "2449"]
[BlackElo "2614"]
[PlyCount "65"]
[EventDate "2003.09.28"]
[Source "Roberto Alvarez"]
[SourceDate "2003.10.06"]

1. c4 e6 2. Nf3 d5 3. b3 Nf6 4. g3 b6 5. Bg2 Bb7 6. O-O Bd6 7. Bb2 O-O 8. e3 Nbd7 9. Nc3 a6 10. Qe2 Qe7 11. Rad1 Rfd8 12. d3 dxc4 13. dxc4 Nc5 14. Qc2 Qe8 15. Rfe1 Bf8 16. b4 Rxd1 17. Rxd1 Ncd7 18. a3 a5 19. Nb5 Be4 20. Qe2 Rc8 21. Bc3 axb4 22. axb4 Be7 23. Bf1 h6 24. Ne5 Nxe5 25. Bxe5 Bxb4 26. Bxc7 Qc6 27. Qb2 Be7 28. Be5 Ra8 29. h3 Kh7 30. Rd2 Kg8 31. Rd1 Kh7 32. Rd2 Kg8 33. Rd1 1/2-1/2

[Event "ADCF Masters"]
[Site "Abu Dhabi"]
[Date "2003.08.23"]
[Round "7"]
[White "Magerramov, Elmar"]
[Black "Rausis, Igors"]
[Result "1-0"]
[WhiteElo "2566"]
[BlackElo "2495"]
[PlyCount "101"]
[EventDate "2003.08.16"]
[Source "Roberto Alvarez"]
[SourceDate "2003.09.01"]

1. c4 e6 2. Nf3 d5 3. e3 Nf6 4. b3 Bd6 5. Bb2 O-O 6. Nc3 b6 7. Qc2 Bb7 8. d4 Nbd7 9. cxd5 exd5 10. Bd3 a6 11. O-O Qe7 12. Bf5 g6 13. Bh3 Rad8 14. Rac1 Rfe8 15. g3 c5 16. Bg2 Rc8 17. dxc5 bxc5 18. Rfd1 Red8 19. Qb1 Ne5 20. Nxe5 Bxe5 21. Na4 Bxb2 22. Qxb2 Ne4 23. Rc2 Qe6 24. h4 Ba8 25. Qc1 d4 26. exd4 cxd4 27. Rxd4 Nf6 28. Nc5 Qe5 29. Rxd8+ Rxd8 30. Bxa8 Rxa8 31. Qg5 Qd4 32. Qd2 Qe5 33. Nd7 Nxd7 34. Qxd7 Kg7 35. Qc6 Rd8 36. Kg2 Rd3 37. Rc4 Rd6 38. Qf3 h5 39. Rc6 Rxc6 40. Qxc6 a5 41. Qc1 f6 42. Qe3 Qd5+ 43. Qf3 Qc5 44. Qb7+ Kh6 45. a4 g5 46. hxg5+ fxg5 47. Qa6+ Kg7 48. Qb5 Qe7 49. Qxa5 h4 50. Qc3+ Kg6 51. Qc6+ 1-0

[Event "Fouesnant"]
[Site "?"]
[Date "2002.04.28"]
[Round "2.3"]
[White "Horvath Jozsef"]
[Black "Apicella Manuel"]
[Result "1/2-1/2"]
[WhiteElo "2548"]
[BlackElo "2513"]
[PlyCount "31"]
[EventDate "2002.??.??"]
[Source "www.chesslib.no"]
[SourceDate "2004.05.04"]

1. c4 e6 2. Nf3 d5 3. b3 c6 4. g3 f5 5. Bg2 Nf6 6. O-O Bd6 7. Bb2 O-O 8. d3 Re8 9. Nbd2 e5 10. cxd5 cxd5 11. e4 fxe4 12. dxe4 d4 13. b4 h6 14. Re1 Bg4 15. h3 Bh5 16. Bf1 1/2-1/2

[Event "Krumbach Open"]
[Site "Krumbach"]
[Date "1991.??.??"]
[Round "7"]
[White "Krasenkow, Michal"]
[Black "Serper, Grigory"]
[Result "1/2-1/2"]
[WhiteElo "2570"]
[BlackElo "2490"]
[PlyCount "163"]
[EventDate "1991.03.??"]
[Source "www.chesslib.no"]
[SourceDate "2004.05.04"]

1. c4 e6 2. Nf3 d5 3. g3 dxc4 4. Qa4+ Nd7 5. Qxc4 a6 6. a4 b6 7. Bg2 Bb7 8. O-O Ngf6 9. d3 c5 10. Qb3 Bd5 11. Qc2 Be7 12. Nc3 Bb7 13. e4 O-O 14. Bf4 Nb8 15. Rfd1 Nc6 16. Ne2 Rc8 17. Qb3 Nd7 18. Nd2 Na5 19. Qa2 Bg5 20. Nc4 Nxc4 21. Bxg5 Qxg5 22. dxc4 Rfd8 23. Qb3 Qe5 24. a5 Bxe4 25. Bxe4 Qxe4 26. Nc3 Qc6 27. Qa4 Qxa4 28. Nxa4 bxa5 29. Rxd7 Rxd7 30. Nb6 Rdd8 31. Nxc8 Rxc8 32. Rxa5 Rc6 33. Ra3 Rb6 34. Ra5 Rc6 35. Ra3 g5 36. Rb3 Kg7 37. Rb7 g4 38. Kg2 Kg6 39. h4 gxh3+ 40. Kxh3 h5 41. Kg2 f6 42. Kf3 Kf5 43. Rh7 Ke5 44. Ke3 Rb6 45. f4+ Kd6 46. f5 Rb3+ 47. Ke4 Rxg3 48. fxe6 Kxe6 49. Rxh5 Rg5 50. Rh7 Rg4+ 51. Kd3 Rg3+ 52. Kd2 Ke5 53. Ra7 Kd4 54. Rxa6 Rg2+ 55. Ke1 f5 56. Rf6 Ke4 57. Rc6 Ke3 58. Re6+ Kf3 59. Re5 f4 60. Rxc5 Rxb2 61. Rf5 Re2+ 62. Kf1 Rc2 63. Kg1 Rc1+ 64. Kh2 Rxc4 65. Kg1 Rc1+ 66. Kh2 Rf1 67. Ra5 Re1 68. Rf5 Ra1 69. Rf8 Rf1 70. Ra8 Re1 71. Rf8 Re7 72. Kg1 Re6 73. Kf1 Ra6 74. Kg1 Ra4 75. Rf7 Ra8 76. Rf6 Ra7 77. Rf8 Rg7+ 78. Kf1 Rc7 79. Kg1 Rc1+ 80. Kh2 Rc2+ 81. Kg1 Re2 82. Rf7 1/2-1/2

[Event "Ukraine"]
[Site "?"]
[Date "1995.??.??"]
[Round "?"]
[White "Onischuk, Al"]
[Black "Moroz, A."]
[Result "0-1"]
[WhiteElo "2590"]
[BlackElo "2470"]
[PlyCount "104"]
[EventDate "1995.??.??"]
[Source "ChessBase"]
[SourceDate "1995.06.01"]

1. c4 e6 2. Nf3 d5 3. b3 Nf6 4. e3 Be7 5. Bb2 O-O 6. Be2 c5 7. O-O Nc6 8. cxd5 Nxd5 9. Nc3 b6 10. a3 Bb7 11. Qc2 Rc8 12. Rfd1 Nxc3 13. Bxc3 Bf6 14. Bd3 Nd4 15. exd4 Bxf3 16. gxf3 cxd4 17. Bxh7+ Kh8 18. Be4 dxc3 19. dxc3 Qc7 20. Rd3 Be5 21. Re1 Bf4 22. Rd4 Qe5 23. Kf1 Qf6 24. Rd3 Qh4 25. b4 Rc7 26. Qa4 f5 27. Bc6 Bxh2 28. Rd4 Qh3+ 29. Ke2 e5 30. Rd3 Qh5 31. Qb5 Bf4 32. Rg1 e4 33. Bxe4 Qe8 34. Rh1+ Bh6 35. Qxe8 Rxe8 36. Rh4 Rc4 37. Rd7 fxe4 38. Rxe4 Rcxe4+ 39. fxe4 Rxe4+ 40. Kd3 Rf4 41. Rxa7 Rxf2 42. a4 Rf3+ 43. Kd4 g5 44. a5 bxa5 45. bxa5 g4 46. Ra8+ Kg7 47. a6 g3 48. a7 Rf4+ 49. Kd3 Ra4 50. Rb8 Rxa7 51. Rb2 Re7 52. Rg2 Bf4 0-1

[Event "Graz op"]
[Site "?"]
[Date "1996.??.??"]
[Round "?"]
[White "Beim Valery"]
[Black "Rabiega Robert"]
[Result "1/2-1/2"]
[WhiteElo "2570"]
[BlackElo "2490"]
[PlyCount "37"]
[EventDate "1996.??.??"]
[Source "www.chesslib.no"]
[SourceDate "2004.05.04"]

1. c4 e6 2. Nf3 d5 3. b3 Be7 4. Bb2 Bf6 5. Nc3 c5 6. g3 Nc6 7. Bg2 Nge7 8. O-O O-O 9. e3 dxc4 10. bxc4 Qd3 11. Na4 Bxb2 12. Nxb2 Qd6 13. d3 b6 14. Qe2 Bb7 15. Rfd1 e5 16. Na4 Rad8 17. Nc3 h6 18. a3 Rfe8 19. Rab1 1/2-1/2

[Event "Moscow ol (Men)"]
[Site "Moscow"]
[Date "1994.??.??"]
[Round "8"]
[White "Spraggett, Kevin"]
[Black "Nogueiras, Jesus"]
[Result "0-1"]
[WhiteElo "2530"]
[BlackElo "2530"]
[PlyCount "130"]
[EventDate "1994.11.??"]
[Source "ChessBase"]

1. c4 e6 2. Nf3 d5 3. e3 Nf6 4. b3 Bd6 5. Nc3 O-O 6. Bb2 c6 7. Be2 Nbd7 8. Qc2 Re8 9. O-O Qe7 10. Nd4 c5 11. Nf3 b6 12. cxd5 exd5 13. d4 Bb7 14. Nb5 Bb8 15. Rad1 a6 16. Nc3 Bd6 17. Rfe1 Rac8 18. dxc5 bxc5 19. Qf5 Nb6 20. Bd3 Qe6 21. Ng5 Qxf5 22. Bxf5 Rcd8 23. Nf3 Bf8 24. Rc1 Ne4 25. Red1 g6 26. Bh3 Bg7 27. Rc2 f5 28. Ne2 Bxb2 29. Rxb2 a5 30. Rc1 Ba6 31. g3 Bxe2 32. Rxe2 d4 33. exd4 cxd4 34. Bf1 d3 35. Re3 d2 36. Rd1 Nd5 37. Rd3 Ndc3 38. R1xd2 Nxd2 39. Rxc3 Nxf3+ 40. Rxf3 Re1 41. Kg2 Rdd1 42. Bc4+ Kg7 43. Rf4 Kf6 44. h4 h6 45. Ba6 g5 46. hxg5+ hxg5 47. Ra4 g4 48. Bb7 Re7 49. Ba6 Re5 50. b4 Ree1 51. Bb7 Rh1 52. f4 Rh7 53. Bc6 Rd2+ 54. Kf1 axb4 55. Rxb4 Rc7 56. Rc4 Rd3 57. Kf2 Rd2+ 58. Kf1 Re7 59. Rc3 Rxa2 60. Bd5 Rd2 61. Rc6+ Kg7 62. Bc4 Re3 63. Rc7+ Kf6 64. Rc6+ Ke7 65. Rc5 Rc2 0-1

[Event "Berliner Sommer"]
[Site "Berlin"]
[Date "1995.??.??"]
[Round "7"]
[White "Brodsky, Michail"]
[Black "Burmakin, Vladimir"]
[Result "1/2-1/2"]
[WhiteElo "2555"]
[BlackElo "2500"]
[PlyCount "41"]
[EventDate "1995.08.??"]
[Source "ChessBase"]

1. c4 e6 2. Nf3 d5 3. g3 Nf6 4. Bg2 c6 5. b3 Nbd7 6. d4 Bd6 7. O-O b5 8. Nbd2 bxc4 9. bxc4 Ba6 10. Re1 O-O 11. c5 Bc7 12. e4 dxe4 13. Nxe4 Bc4 14. Bg5 Bd5 15. Nxf6+ Nxf6 16. Qa4 h6 17. Bxf6 Qxf6 18. Ne5 Bxe5 19. Rxe5 Bxg2 20. Kxg2 Qd8 21. Rd1 1/2-1/2

[Event "Corr"]
[Site "?"]
[Date "2002.06.15"]
[Round "?"]
[White "Makarov Aleksandr Arkadyevi"]
[Black "Van Osmael Alex"]
[Result "1-0"]
[WhiteElo "2601"]
[BlackElo "2451"]
[PlyCount "95"]
[EventDate "2002.??.??"]
[Source "www.chesslib.no"]
[SourceDate "2004.05.04"]

1. c4 e6 2. Nf3 d5 3. g3 c6 4. b3 Nf6 5. Bg2 Nbd7 6. O-O e5 7. Bb2 Bd6 8. d3 O-O 9. Nh4 Re8 10. e4 d4 11. Bh3 Bf8 12. Ng2 Nc5 13. Bxc8 Qxc8 14. Qe2 Qh3 15. f3 Rad8 16. Na3 g6 17. Bc1 Bg7 18. b4 Ne6 19. c5 a5 20. bxa5 Nxc5 21. Qc2 Nfd7 22. Nc4 Qe6 23. Bd2 f5 24. Ne1 Rf8 25. Rc1 fxe4 26. dxe4 Rf7 27. Kg2 h6 28. Bb4 Bf8 29. a3 g5 30. Nd3 Nxd3 31. Qxd3 c5 32. Bd2 Bg7 33. Rb1 Rb8 34. Rb3 g4 35. f4 exf4 36. Bxf4 Re8 37. Kg1 Bf8 38. Re1 h5 39. e5 Rb8 40. Nb6 Re8 41. Nc4 Qa6 42. Reb1 Re6 43. Rb5 h4 44. Qe4 Bg7 45. Qd5 Qc6 46. Qxc6 bxc6 47. Rb7 hxg3 48. Bxg3 1-0

[Event "ch-Privolzhsky Region"]
[Site "?"]
[Date "2005.03.19"]
[Round "4"]
[White "Khismatullin Denis"]
[Black "Frolyanov Dmitry"]
[Result "1-0"]
[WhiteElo "2548"]
[BlackElo "2502"]
[PlyCount "75"]
[EventDate "2005.??.??"]
[Source "www.chesslib.no"]
[SourceDate "2004.05.04"]

1. c4 e6 2. Nf3 d5 3. b3 Nf6 4. Bb2 Be7 5. e3 O-O 6. d4 c5 7. Nbd2 Nc6 8. Bd3 cxd4 9. exd4 b6 10. O-O Bb7 11. Rc1 Rc8 12. Qe2 Re8 13. Rfd1 Bf8 14. a3 g6 15. c5 bxc5 16. dxc5 e5 17. Bb5 d4 18. b4 Nd5 19. Ne4 f5 20. Bc4 Kg7 21. Nd6 Bxd6 22. Bxd5 Bc7 23. Bc4 Nb8 24. Ne1 Qf6 25. f4 Rcd8 26. Qf2 Be4 27. fxe5 Bxe5 28. Nd3 Bc7 29. Nf4 Nc6 30. b5 Bxf4 31. Qxf4 Ne5 32. c6 Bxg2 33. Kxg2 Nxc4 34. Rxc4 Re2+ 35. Kg1 Rxb2 36. c7 Rc8 37. Rc6 g5 38. Qc1 1-0

[Event "Elista"]
[Site "?"]
[Date "2000.??.??"]
[Round "?"]
[White "Grigoriants, Se"]
[Black "Volkov, S."]
[Result "1-0"]
[WhiteElo "2500"]
[BlackElo "2550"]
[PlyCount "161"]
[EventDate "2000.??.??"]
[Source "Chess Informant"]
[SourceDate "2000.10.01"]

1. c4 e6 2. Nf3 d5 3. b3 Nf6 4. Bb2 a5 5. e3 a4 6. bxa4 Nbd7 7. cxd5 exd5 8. Nc3 Bd6 9. Rc1 c6 10. Bd3 O-O 11. h3 Re8 12. O-O Ne4 13. Bc2 Nf8 14. Nd4 Qh4 15. Nxe4 dxe4 16. Qe2 Ra5 17. f4 Rh5 18. Qf2 Qe7 19. Bd1 Rh4 20. a5 Bd7 21. Be2 Rh6 22. Bc3 c5 23. Nb5 Bb8 24. Na3 Ng6 25. Rb1 Bc8 26. Nc4 Nh4 27. Rb6 Rg6 28. Rxg6 hxg6 29. Be5 Be6 30. Bxb8 Rxb8 31. Rb1 Rd8 32. Rb2 g5 33. Qg3 gxf4 34. Qxf4 f5 35. Rb6 Ng6 36. Qg3 Nf8 37. Qe5 Rd5 38. Qb8 Rd7 39. Ne5 Rd8 40. Qxb7 Qxb7 41. Rxb7 Rxd2 42. Bb5 f4 43. Rb8 fxe3 44. a6 Rxa2 45. Kf1 c4 46. Nxc4 e2+ 47. Ke1 g5 48. Ne5 Kg7 49. Bxe2 Ng6 50. Rb7+ Kf6 51. Nxg6 Kxg6 52. Rb6 Kf7 53. Rb7+ Kf6 54. Rb6 Kf7 55. Rc6 Bb3 56. Rc3 Bd5 57. Kf2 Kf6 58. Ke3 Ke5 59. g3 Ra1 60. h4 gxh4 61. gxh4 Ra5 62. h5 Bf7 63. h6 Bg6 64. Rc7 Ra3+ 65. Kf2 Kf4 66. h7 e3+ 67. Kg2 Be4+ 68. Kh3 Ra1 69. Rf7+ Kg5 70. Rg7+ Kf5 71. Rg2 Kf4 72. Rg4+ Kf5 73. Rxe4 Kxe4 74. Kg2 Ra2 75. h8=Q Rxe2+ 76. Kg3 Ra2 77. Qh7+ Kd4 78. a7 e2 79. Kf2 Kc3 80. Qc7+ Kd2 81. Qd6+ 1-0

[Event "Cappelle op"]
[Site "Cappelle la Grande "]
[Date "1996.??.??"]
[Round "3"]
[White "Eingorn, Vereslav S"]
[Black "Tregubov, Pavel V"]
[Result "1/2-1/2"]
[WhiteElo "2580"]
[BlackElo "2470"]
[PlyCount "72"]
[EventDate "1996.02.??"]
[Source "ChessBase"]

1. c4 e6 2. Nf3 d5 3. b3 Nf6 4. g3 Be7 5. Bg2 O-O 6. Bb2 c5 7. O-O dxc4 8. bxc4 Nc6 9. d3 Rb8 10. Ne5 Nxe5 11. Bxe5 Bd6 12. Bxd6 Qxd6 13. Nc3 Bd7 14. a4 Qe5 15. Qd2 Bc6 16. a5 Bxg2 17. Kxg2 Rfd8 18. Ra2 Ne8 19. Ne4 Nd6 20. Qc3 Qf5 21. Nxd6 Rxd6 22. f4 Rd4 23. Rb2 e5 24. Rb5 Qg4 25. Rxc5 Qxe2+ 26. Rf2 Qxd3 27. Qxd3 Rxd3 28. Rxe5 Kf8 29. Rb2 a6 30. Rc5 Rd7 31. Kf3 g6 32. h4 h5 33. f5 Kg7 34. fxg6 fxg6 35. Rb6 Re8 36. Rg5 Rf7+ 1/2-1/2

[Event "San Marino SMR"]
[Site "?"]
[Date "2006.06.07"]
[Round "4"]
[White "Jobava Baadur"]
[Black "Doric Darko"]
[Result "1/2-1/2"]
[WhiteElo "2646"]
[BlackElo "2401"]
[PlyCount "119"]
[EventDate "2006.??.??"]
[Source "www.chesslib.no"]
[SourceDate "2004.05.04"]

1. c4 e6 2. Nf3 d5 3. g3 dxc4 4. Bg2 Nf6 5. O-O c5 6. Na3 Be7 7. Nxc4 O-O 8. b3 b6 9. Bb2 Bb7 10. Qc2 Nbd7 11. Rac1 Rc8 12. Qb1 Qc7 13. d3 Qb8 14. Rc2 Rfd8 15. Rfc1 Nd5 16. a3 a5 17. Qa1 Bf8 18. Rd2 Qa7 19. a4 Nb8 20. d4 Na6 21. Qb1 Nf6 22. dxc5 Rxd2 23. Ncxd2 Rxc5 24. Rxc5 Nxc5 25. Ng5 Ncd7 26. Nde4 Bxe4 27. Bxe4 g6 28. Qc2 Qb8 29. Bd3 Bd6 30. Nf3 Qc7 31. Qd2 Ne5 32. Bb5 Nxf3+ 33. exf3 Nd5 34. Qd4 f6 35. f4 Qc2 36. Bd3 Qd1+ 37. Bf1 Qxd4 38. Bxd4 Bc5 39. Bb2 Kf7 40. Bc4 Nc7 41. Kg2 Ne8 42. Kf3 Nd6 43. Bd3 h5 44. Ke2 Kg7 45. Bc1 Kf7 46. Be3 Kg7 47. Kd2 Kf7 48. Bc2 Kg7 49. Kd3 Kf7 50. Kc3 Bb4+ 51. Kb2 Bc5 52. Bd3 Bxe3 53. fxe3 e5 54. Kc3 Kg7 55. Be2 Kh6 56. Kd3 Kg7 57. Bf3 Kh6 58. h4 Kg7 59. e4 Kh6 60. Kc3 1/2-1/2

[Event "East Kilbride 72/8"]
[Site "?"]
[Date "1998.??.??"]
[Round "?"]
[White "McNab, Colin A"]
[Black "Lalic, Bogdan"]
[Result "0-1"]
[WhiteElo "2500"]
[BlackElo "2545"]
[PlyCount "60"]
[EventDate "1998.??.??"]
[Source "ChessBase"]
[SourceDate "1998.02.01"]

1. c4 e6 2. Nf3 d5 3. b3 c5 4. Bb2 Nc6 5. e3 d4 6. exd4 cxd4 7. g3 e5 8. d3 Nf6 9. Bg2 Bb4+ 10. Nfd2 Bf5 11. Qe2 O-O 12. a3 Bc3 13. Ra2 e4 14. dxe4 Bxe4 15. Bxe4 Nxe4 16. O-O Nxd2 17. Nxd2 d3 18. Qd1 Bxb2 19. Rxb2 Qf6 20. Ra2 Rad8 21. Re1 Nd4 22. Kg2 Ne2 23. Nb1 Rfe8 24. Rd2 Qc6+ 25. f3 Re3 26. Rf1 h5 27. Rf2 Rd4 28. Qf1 h4 29. gxh4 Rg4+ 30. Kh1 Rxf3 0-1

[Event "Moscow RUS"]
[Site "?"]
[Date "2004.02.24"]
[Round "8"]
[White "Grigoriants Sergey"]
[Black "Frolyanov Dmitry"]
[Result "1/2-1/2"]
[WhiteElo "2551"]
[BlackElo "2489"]
[PlyCount "109"]
[EventDate "2004.??.??"]
[Source "www.chesslib.no"]
[SourceDate "2004.05.04"]

1. c4 e6 2. Nf3 d5 3. b3 Nf6 4. Bb2 Be7 5. e3 O-O 6. Be2 c5 7. O-O Nc6 8. cxd5 Nxd5 9. a3 b6 10. Qc2 Bb7 11. Nc3 Rc8 12. Rac1 Nxc3 13. Bxc3 Bf6 14. Qb2 Bxc3 15. Rxc3 Qe7 16. Rb1 e5 17. d3 a5 18. Rcc1 f5 19. Nd2 Kh8 20. Re1 Rcd8 21. Qc3 Rd6 22. Rbd1 Rg6 23. Bf3 e4 24. dxe4 Ne5 25. Bh5 Rxg2+ 26. Kxg2 Qg5+ 27. Kh1 fxe4 28. Be2 Rxf2 29. Rg1 Qf6 30. Rg2 Rxg2 31. Kxg2 Qg5+ 32. Kh1 Nd3 33. Bxd3 Qxe3 34. Bxe4 Bxe4+ 35. Nxe4 Qxe4+ 36. Kg1 Qg4+ 37. Kf2 Qxd1 38. Qh3 Qd4+ 39. Ke2 Qe5+ 40. Kd3 Qd4+ 41. Kc2 Qe4+ 42. Kc3 Qc6 43. a4 h6 44. Kc4 g5 45. Qe3 Kg7 46. Qc3+ Qf6 47. Qh3 Qd6 48. Kb5 Kg6 49. Qe3 Kf7 50. Qf3+ Kg6 51. h4 gxh4 52. Qg4+ Kf6 53. Qxh4+ Kf5 54. Qh5+ Ke4 55. Qe2+ 1/2-1/2